00808naa a22001577a 45000010005000000030009000050050017000140080041000310400021000720410008000931000143001012450110002446550030003547000141003847730125005259656KOSZ 00520180405114359.0160302b1997 pl ||||| |||| 10| 0 eng  cBPKdKOSZ 005/EG aeng1 aSUSZYŃSKI, Robert.d1996 - .bPolitechnika Koszalińska - Wydział Elektroniki,cKatedra Systemów Cyfrowego Przetwarzania Sygnałów10aPrototype SD modulators with switched transconductance amplifier /cRobert Suszyński, Krzysztof Wawryn. 0aMateriały konferencyjne.1 aWAWRYN, Krzysztof.bPolitechnika Koszalińska - Wydział Elektroniki,cKatedra Systemów Cyfrowego Przetwarzania Sygnałówd1996 - .0 iW :tThe proceedings 13th European Conference on Circuit Theory and Design. -dBudapest (Hungary), 1997. -gs. 1474-1479